01162 a2200229 4500003000500000005001700005010001700022020002500039040000900064082001600073100002500089245005400114250001200168260006500180300000900245505046200254650002500716650003400741942001200775999001900787952012600806Nust20221122125938.0 a 2008052845 a9780273719182 (pbk.) cNust00a621.381,STO1 aStorey, Neil.96067410aElectronics :ba systems approach /cNeil Storey. a2nd ed. aHarlow, England ;aNew York :bPearson/Prentice Hall,c2009. a672p aElectronic Systems (Page-1), Measurement, Sensors and Actuators (Page-15), Amplification (Page-53), Feedback (Page-106), Semiconductors and Diodes (Page-156), Field Effect Transistors (Page-181), Bipolar Junction Transistors (Page-234), Analogue Signal Processing (Page-312), Digital Systems (Page-362), Sequential Logic (Page-430), Digital Devices (Page-490), Microcomputers (Page-562), Data Acquisition and Conversion (Page-601), System Design (Page-617). 0aElectronic circuits. 0aTelecommunication Engineering 2ddccBK c181590d181590 00102ddc4070aMCSbMCScGENd2016-12-12o621.381,STOpMCS28203r2016-12-08w2016-12-12yBKzAlmirah No.31, Shelf No.6